| 000 | 01355nam a2200241Ia 4500 | ||
|---|---|---|---|
| 003 | Ost | ||
| 005 | 20260416102352.0 | ||
| 008 | 260416s9999||||xx |||||||||||||| ||und|| | ||
| 040 | _cfsecg | ||
| 041 | _aara | ||
| 082 | _a339 | ||
| 100 |
_aبن زيان، راضية _eمؤلف |
||
| 245 | 0 |
_aمحاضرات في الإقتصاد الكلي النقدي / _c راضية بن زيان |
|
| 260 |
_aالجزائر _bجامعة الجزائر3: كلية العلوم الإقتصادية، العلوم التجارية وعلوم التسيير _c[د.ت] |
||
| 300 |
_a104 ورقة _bايضاحات _c30 سم |
||
| 504 | _aمراجع ص.103 | ||
| 520 | _aالسياسة النقدية والمجمعات النقدية، التوازن الاقتصادي والسياسة النقدية في ظل مرونة الأسعار، التوازن في اقتصاد صغير مفتوح ومرونة الأسعار، ثبات الأسعار والتوازن في اقتصاد مفتوح، التوازن في اقتصاد مفتوح وجمود الأسعار | ||
| 653 | _aالأسعار | ||
| 653 | _aالاقتصاد الكلي | ||
| 653 | _aالسياسة النقدية | ||
| 710 |
_aجامعة الجزائر3: كلية العلوم الإقتصادية، العلوم التجارية وعلوم التسيير _eناشر علمي |
||
| 942 | _cHANDOUT | ||
| 999 |
_c41047 _d41047 |
||